Представление документа в формате MARC21

Поле Инд. ПП Название Значение
Тип записи a
Библиографический уровень m
001 Контрольный номер 9f121694-acd6-46bb-9cff-1899f0284098
005 Дата корректировки 20180406154033.9
008 Кодируемые данные 080128
020 a ISBN 978-5-903535-05-7
c Цена, тираж 90.00
040 a Служба первич. каталог. НБ ТвГУ
041 0_ a Код языка текста rus
080 a Индекс УДК 94(47).033
084 a Индекс другой классификации/Индекс ББК Т3(2)42-681
090 a Полочн. индекс Т3(2)42
x Авторский знак П 56
100 1_ a Автор Пономарев Георгий Николаевич
q Полное имя Пономарев Г. Н.
245 10 a Заглавие Бортеневская битва
b Продолж. заглавия мифы и реалии
260 0_ a Место издания Тверь
b Издательство Изд-во Людмилы Юга
c Дата издания 2007
300 a Объем 125, [2] с.
b Иллюстрации/ тип воспроизводства ил.
504 a Библиография Библиогр.: с.119-125.
583 a Действие Получение впервые 8. 25.01.2008
k Исполнитель действия Дар Пономарева Г.Н.
583 a Действие Приписка 130 21.05.2008
k Исполнитель действия Дар Вершининой О.В.
650 04 y Хронологическая подрубрика 14 в.
650 04 y Хронологическая подрубрика 1317 г.
653 0_ a Ключевые слова Бортеневское сражение
a Ключевые слова Древняя Русь
a Ключевые слова История Древней Руси
a Ключевые слова История России
a Ключевые слова История Тверского княжества
a Ключевые слова Краеведение
a Ключевые слова Михаил Тверской
a Ключевые слова Михаил Ярославич
a Ключевые слова Тверское княжество
852 41 t Порядковый номер экземпляра 2
p Инвентарный номер 901979
p Инвентарный номер 909528 120.00
856 40 u URL http://texts.lib.tversu.ru/texts/01939ogl.djvu
888 a Бесплатные
901 t Тип документа m
920 a Оператор Карл
952 p 8.2008 90.00 1 901979
p 130.2008 120.00 1 909528
c Вид литературы К рн
954 a Дата поступления на обработку 20080423
999 a Подразделение 2 ОРК